000
00226nam a22000857a 4500
008
160718b xxu||||| |||| 00| 0 eng d
100
_9
2987
_a
Taylor, B
245
_a
Arctic & Antarctic
260
_a
New York
_b
Dorling Kindersley
_c
2000
999
_c
2550
_d
2550